Inovačná transformácia a trendy v ére digitálnej ekonomiky

Gespeichert in:
Bibliographische Detailangaben
1. Verfasser: Kuhnová, Lenka, 1989-
Format: Buchkapitel
Sprache:Slowakisch
Schlagworte:
Tags: Tag hinzufügen
Keine Tags, Fügen Sie das erste Tag hinzu!

MARC

LEADER 00000naa$a2200000$$$4500
001 0296596
005 20240502074509.9
041 0 |a slo 
044 |a SK 
245 1 0 |a Inovačná transformácia a trendy v ére digitálnej ekonomiky  |c Lenka Kuhnová 
500 |a Abstrakt 
610 2 0 |a ekonomika digitálna 
610 2 0 |a udržateľnosť 
610 2 0 |a transformácia 
610 2 0 |a inovácia 
610 2 0 |a podnik 
610 2 0 |a technológie nové 
100 1 |a Kuhnová, Lenka, 1989-